Metric international version calculus / (Record no. 940)

MARC details
000 -LEADER
fixed length control field 00719nam a2200277 4500
001 - CONTROL NUMBER
control field 15065465
005 - DATE AND TIME OF LATEST TRANSACTION
control field 20141024160110.0
006 - FIXED-LENGTH DATA ELEMENTS--ADDITIONAL MATERIAL CHARACTERISTICS--GENERAL INFORMATION
fixed length control field 000
007 - PHYSICAL DESCRIPTION FIXED FIELD--GENERAL INFORMATION
fixed length control field 000
008 - FIXED-LENGTH DATA ELEMENTS--GENERAL INFORMATION
fixed length control field 000
010 ## - LIBRARY OF CONGRESS CONTROL NUMBER
LC control number 2007940558
020 ## - INTERNATIONAL STANDARD BOOK NUMBER
International Standard Book Number 9780495383628
040 ## - CATALOGING SOURCE
Original cataloging agency UOEL
Transcribing agency DLC
050 ## - LIBRARY OF CONGRESS CALL NUMBER
Classification number QA303
Item number .S83 2009
100 1# - MAIN ENTRY--PERSONAL NAME
Personal name Stewart, James.
245 10 - TITLE STATEMENT
Title Metric international version calculus /
Statement of responsibility, etc James Stewart.
250 ## - EDITION STATEMENT
Edition statement 6th ed.
260 ## - PUBLICATION, DISTRIBUTION, ETC. (IMPRINT)
Place of publication, distribution, etc Belmont, CA :
Name of publisher, distributor, etc Thomson Brooks/Cole,
Date of publication, distribution, etc c2009.
263 ## - PROJECTED PUBLICATION DATE
Projected publication date 0801
300 ## - PHYSICAL DESCRIPTION
Extent xxviii, 1174, 137, 10p. :
Other physical details ill.
500 ## - GENERAL NOTE
General note Includes appendixes, index
650 ## - SUBJECT ADDED ENTRY--TOPICAL TERM
Topical term or geographic name as entry element Calculus
General subdivision Mathematics
906 ## - LOCAL DATA ELEMENT F, LDF (RLIN)
a 0
b ibc
c orignew
d 2
e epcn
f 20
g y-gencatlg
942 ## - ADDED ENTRY ELEMENTS (KOHA)
Source of classification or shelving scheme Library of Congress Classification
Item type Short Loan for 1 day
Holdings
Withdrawn status Lost status Source of classification or shelving scheme Damaged status Not for loan Home library Current library Shelving location Date acquired Total Checkouts Full call number Barcode Date last seen Date last borrowed Copy number Price effective from Koha item type
    Library of Congress Classification     UOE Main Library UOE Main Library Short Loan Area 24/10/2014 5 QA303 .S83 2009 20147897 27/04/2026 04/02/2018 20147897 24/10/2014 Short Loan for 1 day